=LDR 00000nam 2200000 4500 =001 NUTBA000000000002916 =005 20140710105246.0 =006 =007 =008 =020 ##$$a 978-602-7996-84-5 =035 ##$$a 0010-071400000000104 =040 ##$$a NBPDMAT =082 ##$$a Racma S. Sutrisno =090 ##$$a 649.4 =100 ##$$a Rachma S. Sutrisno =245 ##$$a Jangan panik saat anak sakit / $c Racma S. Sutrisno =260 ##$$a Yogyakarta : $b Trans Idea Publishing, $c 2013 =300 ##$$a 216 hlm. ; $c 19 cm. =650 ##$$a Anak - pemeliharaan dan kesehatan =990 ##$$a 21403567